00833nam a2200217 a 450000100100000000500170001000800410002704000250006808200210009310000530011424500640016726000440023130000210027550000630029659000260035965000270038565000310041291000370044395201180048099900170059800002593220240530073919.0110224s1995 dr 000 f spa d aDO-SdBNPbspacBNPHU aRD863.44bC957un1 aCruz Vélez, José Manuel de la,d1957-95279013aUn pueblo lleno de ira /cJosé Manuel de la Cruz Vélez. aSanto Domingo :bImpresora Mary,c1995. a237 p. ;c22 cm. aIncluye datos biográficos del autor en la contraportada. aInventariado, 2020/LP 0aNovela dominicana9223 0aLiteratura dominicana.967 aValidado. Control de calidad EMS 0010718PDaPDbPDcHDd2011-02-24iLF1l0oRD863.44 C957up25932-10r2020-06-25w2020-06-25yLFPDZNo se presta c25424d25424